000 00416nam a22001697a 4500
999 _c7026
_d7026
003 OSt
005 20190122152644.0
008 190122b ||||| |||| 00| 0 eng d
020 _a0310214785
040 _cDLC
082 _a646.78
_bS635I
100 _aSmalley, Gary
245 _aIf Only He Knew /
_cBy Gary Smalley.
260 _aMichigan, USA :
_bZondervan Books,
_cc1979.
300 _a194 p.:
942 _2ddc
_cBK